000 00379nam a2200157Ia 4500
003 SISC
005 20160223084846.0
008 160209s9999 xx 000 0 und d
100 _aBlow, J.
245 _aHow to be free, book 1 /
245 _cJ. Blow.
260 _c2011
650 _xPsychology.
856 _uhttp://www.smashwords.com/books/view/88690
942 _2lcc
_cEB
999 _c290501
_d290501